000 00975 a2200229 4500
001 25436
005 20260407155538.0
008 260407a1987 arg spa d
003 AR-UNSa-BCEJYS
040 _aAR-UNSa-BCEJYS
_bspa
_cAR-UNSa-BCEJYS
080 _a347.746
_xLetras de cambio
245 1 0 _aLetra de cambio y pagaré
020 _a950-20-0144-3
250 _areimp.
264 1 _aBuenos Aires :
_bAbeledo Perrot
_c1987
300 _avi, 430 p.
_c22 cm
505 _a1. Los títulos de crédito - 2. La letra de cambio - 3. El endoso - 4. La aceptación - 5. El aval - 6. El vencimiento - 7. El pago - 8. Recursos por falta de aceptación y de pago - 9. El protesto - 10. La intervención - 11. Ejemplares y copias - 12. Alteraciones - 13. La cancelación - 14. La prescripción - 15. El pagaré - 16. Régimen internacional de la letra de cambio
041 _aspa
942 _cBK
590 _aniveau_biblio:m niveau_hierar:0
100 1 _aLegón, Fernando A.
999 _c1385
_d1385